[Event "35t. Copenhagen Open (Politiken Cup)"]
[Site "Elsinore"]
[Date "2013.07.30"]
[Round "5"]
[White "Riis, Jens"]
[Black "Ochsner, Bjorn Moller"]
[Result "0-1"]
[WhiteElo "2174"]
[BlackElo "2343"]
[PlyCount "182"]
[EventDate "2013.07.27"]
[EventType "swiss"]
[EventRounds "10"]
[EventCountry "DEN"]
[Source "ChessBase"]
[SourceDate "2013.08.26"]

1. Nf3 c5 2. g3 Nc6 3. Bg2 g6 4. O-O Bg7 5. c4 e6 6. Nc3 Nge7 7. d3 O-O 8. a3
b6 9. Bg5 h6 10. Bd2 d5 11. cxd5 exd5 12. Rb1 a5 13. Na4 Bf5 14. Rc1 g5 15. h4
g4 16. Nh2 Rb8 17. e4 dxe4 18. dxe4 Be6 19. Nc3 Ne5 20. Bf4 N7g6 21. Nd5 Nxf4
22. gxf4 Bxd5 23. exd5 Ng6 24. Qxg4 Qxh4 25. f5 Qxg4 26. Nxg4 Ne5 27. Nxe5 Bxe5
28. Rc2 Kg7 29. Rd1 Bd4 30. Rd3 Kf6 31. Rh3 Rh8 32. Rh5 Rbg8 33. Re2 Rg5 34.
Rxg5 hxg5 35. Be4 Re8 36. b3 Rh8 37. Kg2 Ke5 38. a4 Kd6 39. Bd3 Be5 40. Be4 g4
41. Re3 Bf4 42. Re1 Rh2+ 43. Kg1 Rh3 44. Rb1 Ke5 45. Re1 Kd4 46. Bg2 Bh2+ 47.
Kh1 Rh5 48. Bf1 Bd6+ 49. Kg2 Rxf5 50. Bc4 Rf6 51. Re8 g3 52. fxg3 Rg6 53. Rd8
f5 54. Re8 Rxg3+ 55. Kf2 Rg7 56. Re6 Rd7 57. Kf3 Rd8 58. Rg6 b5 59. Bxb5 Kxd5
60. Bc4+ Kd4 61. Rg8 Rd7 62. Rg6 Kc3 63. Be6 Re7 64. Bxf5 Rf7 65. Ke4 Bc7 66.
Be6 Rf4+ 67. Ke3 Rb4 68. Kf3 Be5 69. Rg5 Bd4 70. Ke2 Rb6 71. Rg3+ Kc2 72. Bc4
Rf6 73. Rd3 Rf2+ 74. Ke1 Rh2 75. Rf3 Rh1+ 76. Ke2 Bc3 77. Rf1 Rh4 78. Ke3 Bd4+
79. Ke2 Re4+ 80. Kf3 Re3+ 81. Kf4 Rxb3 82. Bxb3+ Kxb3 83. Rb1+ Bb2 84. Ke3 c4
85. Rh1 Kxa4 86. Kd2 Kb3 87. Rh3+ c3+ 88. Kd3 a4 89. Rh7 Ba3 90. Ra7 Bb4 91.
Ra8 a3 0-1

[Event "35t. Copenhagen Open (Politiken Cup)"]
[Site "Elsinore"]
[Date "2013.07.30"]
[Round "5"]
[White "Rolvag, Birk Anders"]
[Black "Nilsen, Joachim Birger"]
[Result "0-1"]
[WhiteElo "1988"]
[BlackElo "2259"]
[PlyCount "112"]
[EventDate "2013.07.27"]
[EventType "swiss"]
[EventRounds "10"]
[EventCountry "DEN"]
[Source "ChessBase"]
[SourceDate "2013.08.26"]

1. c4 Nf6 2. Nc3 e6 3. g3 d5 4. cxd5 exd5 5. d4 Bd6 6. Bg2 c6 7. Nf3 O-O 8. O-O
Re8 9. Qc2 Bg4 10. Re1 Nbd7 11. e4 dxe4 12. Nxe4 Bb4 13. Bd2 Bf5 14. Bxb4 Bxe4
15. Qd2 Nd5 16. Nh4 Bxg2 17. Nxg2 Qb6 18. Bc3 N7f6 19. Ne3 Nxe3 20. Rxe3 Rxe3
21. fxe3 Ne4 22. Qd3 Re8 23. Rf1 Qd8 24. b3 Qd5 25. Bb2 h6 26. Qc2 Ng5 27. Qf5
Qxf5 28. Rxf5 Rxe3 29. Kf2 Re8 30. Re5 Rxe5 31. dxe5 Kf8 32. Ke3 Ke7 33. h4 Ne6
34. Ba3+ c5 35. Ke4 Kd7 36. Kd5 b6 37. b4 Nc7+ 38. Kc4 cxb4 39. Bxb4 Kc6 40.
Bd6 Ne6 41. Kb4 a5+ 42. Kc4 b5+ 43. Kd3 Kd5 44. Bb8 Nc5+ 45. Ke3 Nd7 46. Bd6
Nxe5 47. Bf8 g6 48. Kf4 h5 49. Bg7 Nc6 50. Kg5 Ke6 51. Bb2 b4 52. Kf4 a4 53.
Ke4 a3 54. Ba1 Na5 55. Kd3 b3 56. Bc3 bxa2 0-1

[Event "35t. Copenhagen Open (Politiken Cup)"]
[Site "Elsinore"]
[Date "2013.07.30"]
[Round "5"]
[White "Rorvik, Jon Fredrik"]
[Black "Friedrich, Norbert"]
[Result "0-1"]
[WhiteElo "2154"]
[BlackElo "2305"]
[PlyCount "48"]
[EventDate "2013.07.27"]
[EventType "swiss"]
[EventRounds "10"]
[EventCountry "DEN"]
[Source "ChessBase"]
[SourceDate "2013.08.26"]

1. c4 e5 2. Nc3 Nf6 3. g3 Bb4 4. Bg2 O-O 5. e4 Bxc3 6. bxc3 c6 7. Ne2 d5 8.
cxd5 cxd5 9. exd5 Nxd5 10. O-O Nc6 11. Bb2 Bg4 12. Re1 Qd7 13. d4 exd4 14. cxd4
Na5 15. Qd3 Rac8 16. a3 Nc4 17. Qb3 Be6 18. Rad1 Rfe8 19. Ba1 Bg4 20. Bf3 Bxf3
21. Qxf3 Qe6 22. Bc3 Qe4 23. Qxe4 Rxe4 24. Kf1 Rxe2 0-1

[Event "35t. Copenhagen Open (Politiken Cup)"]
[Site "Elsinore"]
[Date "2013.07.30"]
[Round "5"]
[White "Rose, Dennis Lauge"]
[Black "Hedin, Niclas"]
[Result "0-1"]
[WhiteElo "1827"]
[BlackElo "1969"]
[PlyCount "100"]
[EventDate "2013.07.27"]
[EventType "swiss"]
[EventRounds "10"]
[EventCountry "DEN"]
[Source "ChessBase"]
[SourceDate "2013.08.26"]

1. f4 d5 2. Nf3 Nf6 3. e3 c5 4. d4 e6 5. c3 Be7 6. Bd3 O-O 7. O-O b6 8. Nbd2
Ba6 9. Qe2 Qc8 10. Ne5 Bxd3 11. Qxd3 Qa6 12. Qc2 Qe2 13. Rf3 Ne4 14. Qd3 Qxd3
15. Nxd3 Nc6 16. Nf2 f5 17. g3 c4 18. Kg2 b5 19. Nd1 a5 20. Nxe4 fxe4 21. Rf1
b4 22. h4 Bd6 23. Rf2 Rf7 24. Bd2 g6 25. Kh3 Rb7 26. g4 h5 27. Rg2 hxg4+ 28.
Kxg4 Kf7 29. Nf2 Ne7 30. Nh3 Nf5 31. Ng5+ Ke7 32. Rh1 Rh8 33. Rgh2 Rh5 34. Re2
Rb8 35. Be1 Rbh8 36. Rh3 Rb8 37. Bd2 Rf8 38. Bc1 bxc3 39. bxc3 Rfh8 40. Reh2 a4
41. Bd2 Rb8 42. Be1 Ba3 43. Re2 Rb1 44. Rhh2 Bc1 45. Bf2 Bb2 46. Rc2 a3 47. Rg2
Rc1 48. Rxc1 Bxc1 49. Rg1 Bxe3 50. Bxe3 Rxh4# 0-1

[Event "35t. Copenhagen Open (Politiken Cup)"]
[Site "Elsinore"]
[Date "2013.07.30"]
[Round "5"]
[White "Rosenkilde, Alexander"]
[Black "Marder, Simon"]
[Result "1-0"]
[WhiteElo "2260"]
[BlackElo "2049"]
[PlyCount "77"]
[EventDate "2013.07.27"]
[EventType "swiss"]
[EventRounds "10"]
[EventCountry "DEN"]
[Source "ChessBase"]
[SourceDate "2013.08.26"]

1. d4 d5 2. c4 e5 3. dxe5 d4 4. a3 Nc6 5. Nf3 Be6 6. e3 dxe3 7. Qxd8+ Rxd8 8.
Bxe3 Nge7 9. Be2 Nf5 10. Bg5 Rd7 11. Nbd2 h6 12. Be3 Nxe3 13. fxe3 Bf5 14. Nb3
Be4 15. Kf2 Bxf3 16. gxf3 Nxe5 17. Rad1 g5 18. Nd4 a5 19. Nf5 Bc5 20. h4 Rxd1
21. Rxd1 b6 22. h5 f6 23. Kf1 Nf7 24. Bd3 Nd6 25. Ng3 O-O 26. Ke2 f5 27. f4
gxf4 28. exf4 Re8+ 29. Kf1 Re3 30. Kg2 Kf7 31. Nxf5 Nxf5 32. Bxf5 Re2+ 33. Kf3
Rxb2 34. Rd7+ Kf6 35. Bg6 Bd6 36. Rh7 Rb3+ 37. Ke4 Be7 38. Kd5 Rd3+ 39. Bxd3
1-0

[Event "35t. Copenhagen Open (Politiken Cup)"]
[Site "Elsinore"]
[Date "2013.07.30"]
[Round "5"]
[White "Rydstrom, Tom"]
[Black "Ancion, Merowig"]
[Result "1-0"]
[WhiteElo "2172"]
[BlackElo "1954"]
[PlyCount "59"]
[EventDate "2013.07.27"]
[EventType "swiss"]
[EventRounds "10"]
[EventCountry "DEN"]
[Source "ChessBase"]
[SourceDate "2013.08.26"]

1. e4 e5 2. Nf3 Nc6 3. Bc4 Nf6 4. Ng5 d5 5. exd5 Na5 6. Bb5+ c6 7. dxc6 bxc6 8.
Qf3 Be7 9. Bxc6+ Nxc6 10. Qxc6+ Bd7 11. Qf3 O-O 12. Nc3 Ng4 13. Nh3 Rc8 14. d3
f5 15. O-O Bc6 16. Qe2 Qb6 17. Kh1 Bd6 18. f3 Nf6 19. Rb1 h6 20. Be3 Qc7 21.
Bg1 g5 22. Qe3 Qg7 23. Bf2 g4 24. Ng1 Nh5 25. Nce2 f4 26. Qxa7 Rc7 27. Qa6 g3
28. Bb6 Bb7 29. Qb5 Rxc2 30. Qb3+ 1-0

[Event "35t. Copenhagen Open (Politiken Cup)"]
[Site "Elsinore"]
[Date "2013.07.30"]
[Round "5"]
[White "Saduakassova, Dinara"]
[Black "Kristensen, Kjell Ole"]
[Result "1-0"]
[WhiteElo "2340"]
[BlackElo "2141"]
[PlyCount "69"]
[EventDate "2013.07.27"]
[EventType "swiss"]
[EventRounds "10"]
[EventCountry "DEN"]
[Source "ChessBase"]
[SourceDate "2013.08.26"]

1. e4 c5 2. Nf3 e6 3. d4 cxd4 4. Nxd4 Bc5 5. Nb5 Qb6 6. Be3 Bxe3 7. fxe3 Qxe3+
8. Be2 Na6 9. N1c3 Qc5 10. Rf1 Nh6 11. Qd6 Qxd6 12. Nxd6+ Ke7 13. O-O-O Nb4 14.
g4 f6 15. e5 Rf8 16. exf6+ Rxf6 17. Nce4 Rxf1 18. Rxf1 g6 19. Rf3 Nf5 20. gxf5
exf5 21. Nxc8+ Rxc8 22. Nc3 d5 23. Rf4 Nc6 24. Nxd5+ Kd6 25. Nb4 Ne7 26. Rd4+
Ke6 27. Bf3 Rc7 28. Rd8 g5 29. h3 Rc4 30. Nd5 Nc6 31. Rg8 Ne5 32. Ne3 Rh4 33.
Bd5+ Kf6 34. Rf8+ Kg6 35. Rxf5 1-0

[Event "35t. Copenhagen Open (Politiken Cup)"]
[Site "Elsinore"]
[Date "2013.07.30"]
[Round "5"]
[White "Schandorff, Lars"]
[Black "Carlstedt, Jonathan"]
[Result "1/2-1/2"]
[WhiteElo "2522"]
[BlackElo "2387"]
[PlyCount "233"]
[EventDate "2013.07.27"]
[EventType "swiss"]
[EventRounds "10"]
[EventCountry "DEN"]
[Source "ChessBase"]
[SourceDate "2013.08.26"]

1. d4 d5 2. c4 e6 3. Nf3 Nf6 4. Nc3 Nbd7 5. cxd5 exd5 6. Bg5 Be7 7. e3 O-O 8.
Qc2 c6 9. Bd3 Re8 10. O-O Nf8 11. h3 Ne4 12. Bf4 Nxc3 13. bxc3 c5 14. c4 cxd4
15. Nxd4 Bf6 16. Rad1 Ng6 17. Bxg6 hxg6 18. Nb5 Bf5 19. Qe2 Be5 20. Rxd5 Qf6
21. Bxe5 Rxe5 22. Rfd1 Be6 23. Rxe5 Qxe5 24. Nd4 Rc8 25. Nxe6 Qxe6 26. Rd4 a6
27. Qd3 Qf6 28. Qb3 b6 29. a4 Rc5 30. Rd5 Qc6 31. Rxc5 Qxc5 32. h4 Kh7 33. g3
Kg8 34. Kg2 Qc6+ 35. Kg1 Qc5 36. Kf1 Kh7 37. Ke2 Qh5+ 38. Ke1 Qa5+ 39. Ke2 Qh5+
40. Ke1 Qa5+ 41. Kf1 Qc5 42. Qd3 Qb4 43. Qc2 Kg8 44. Ke2 Kh8 45. Kf3 Kg8 46.
Kg2 Kh8 47. e4 Kh7 48. Kf1 Qc5 49. Qd3 Qb4 50. Qd5 Qxa4 51. Qxf7 b5 52. cxb5
Qxe4 53. bxa6 Qh1+ 54. Ke2 Qe4+ 55. Kd2 Qd4+ 56. Kc2 Qa4+ 57. Kb2 Qxa6 58. Kc3
Qd6 59. Qc4 Qd1 60. Qd4 Qe2 61. Qe3 Qd1 62. Qd2 Qf3+ 63. Qe3 Qd5 64. Qd4 Qa5+
65. Kd3 Qe1 66. Qe3 Qd1+ 67. Qd2 Qf3+ 68. Qe3 Qd1+ 69. Ke4 Qg4+ 70. Ke5 Qf5+
71. Kd4 Qg4+ 72. Qe4 Qd1+ 73. Ke3 Qe1+ 74. Kf3 Qh1+ 75. Kf4 Qc1+ 76. Kg4 Qc8+
77. Kf3 Qh3 78. Ke2 Kh6 79. Qd5 Kh7 80. Qa8 Qe6+ 81. Kf1 Qc4+ 82. Kg2 Qd4 83.
Qc6 Qe5 84. Qf3 Qd4 85. Kh2 Kg8 86. Kg1 Qa1+ 87. Kg2 Qd4 88. Qc6 Kh7 89. Qc2
Qd5+ 90. Kg1 Qf3 91. Qd2 Qe4 92. Qd1 Kh6 93. Qf1 Kh7 94. Qg2 Qe1+ 95. Kh2 Qe5
96. Qf3 Kh8 97. Qd3 Qf6 98. Kg2 Qc6+ 99. Qf3 Qc2 100. g4 Kh7 101. g5 Qc4 102.
Kg3 Qc7+ 103. Kh3 Qd7+ 104. Kg2 Qd4 105. h5 Qh4 106. hxg6+ Kxg6 107. Qd3+ Kxg5
108. Qd8+ Kh5 109. Qh8+ Kg5 110. Qxg7+ Kf5 111. Qf7+ Ke5 112. Qf3 Qf4 113. Qh5+
Kf6 114. Qh8+ Kf5 115. Qf8+ Kg5 116. Qg7+ Kf5 117. Qf7+ 1/2-1/2

[Event "35t. Copenhagen Open (Politiken Cup)"]
[Site "Elsinore"]
[Date "2013.07.30"]
[Round "5"]
[White "Schmidt, Kristian"]
[Black "Haldorsen, Benjamin"]
[Result "1-0"]
[WhiteElo "2272"]
[BlackElo "1983"]
[PlyCount "67"]
[EventDate "2013.07.27"]
[EventType "swiss"]
[EventRounds "10"]
[EventCountry "DEN"]
[Source "ChessBase"]
[SourceDate "2013.08.26"]

1. e4 e5 2. Nf3 Nc6 3. Bb5 a6 4. Ba4 Nf6 5. Qe2 b5 6. Bb3 Be7 7. c3 d5 8. d3
O-O 9. O-O Bb7 10. Bg5 dxe4 11. dxe4 Nd7 12. Be3 Bf6 13. Nbd2 Qe7 14. Rfe1 Rfd8
15. Nf1 Na5 16. Bc2 Nc4 17. Bc1 g6 18. a4 Nc5 19. b3 Nd6 20. Ba3 Ne6 21. Bxd6
Rxd6 22. axb5 Nf4 23. Qc4 Qd7 24. bxa6 Raxa6 25. Rad1 Ra2 26. Rxd6 cxd6 27. Ne3
Ba6 28. Qb4 Kg7 29. c4 Bc8 30. Qc3 h5 31. Kf1 Bd8 32. Bb1 Ra6 33. Rd1 Bb6 34.
Nxe5 1-0

[Event "35t. Copenhagen Open (Politiken Cup)"]
[Site "Elsinore"]
[Date "2013.07.30"]
[Round "5"]
[White "Schmied, Andreas"]
[Black "Christenson, Bjorn Aa"]
[Result "1/2-1/2"]
[WhiteElo "2063"]
[BlackElo "1886"]
[PlyCount "163"]
[EventDate "2013.07.27"]
[EventType "swiss"]
[EventRounds "10"]
[EventCountry "DEN"]
[Source "ChessBase"]
[SourceDate "2013.08.26"]

1. d4 Nf6 2. c4 e6 3. g3 d5 4. Nf3 Bb4+ 5. Bd2 Bxd2+ 6. Nbxd2 O-O 7. Bg2 c6 8.
O-O Nbd7 9. Qc2 Re8 10. e4 dxe4 11. Nxe4 Nxe4 12. Qxe4 Qc7 13. Rfe1 h6 14. Rad1
b6 15. Ne5 Bb7 16. Nxc6 Rac8 17. d5 Bxc6 18. dxc6 Nb8 19. b3 Nxc6 20. Qxc6 Qxc6
21. Bxc6 Rxc6 22. Rd7 a5 23. Red1 e5 24. Kf1 g6 25. R1d6 Re6 26. Rxc6 Rxc6 27.
Ke2 Kg7 28. Ke3 Kf6 29. Rd8 Ke7 30. Rb8 Ke6 31. g4 Kf6 32. h4 Ke7 33. Ke4 f6
34. Rh8 Rd6 35. Rxh6 Rd4+ 36. Kf3 a4 37. Rh7+ Ke8 38. bxa4 Rxc4 39. Ra7 Rc3+
40. Kg2 Rc2 41. h5 gxh5 42. gxh5 Kf8 43. Kg3 Rxa2 44. f3 b5 45. a5 b4 46. Kg4
Ra3 47. a6 b3 48. Rb7 Rxa6 49. Rxb3 Ra7 50. Kf5 Kg7 51. h6+ Kxh6 52. Kxf6 Ra6+
53. Kxe5 Ra5+ 54. Kf6 Ra6+ 55. Kf5 Ra5+ 56. Kg4 Kg7 57. Rb8 Kf7 58. f4 Ra6 59.
Rc8 Rb6 60. Kg5 Rg6+ 61. Kf5 Rf6+ 62. Ke5 Re6+ 63. Kd5 Ra6 64. Rc5 Kf6 65. Ke4
Ra4+ 66. Kf3 Ra6 67. Kg4 Kf7 68. Rf5+ Kg7 69. Rh5 Kg6 70. f5+ Kg7 71. Kg5 Ra5
72. Rh4 Ra6 73. Rb4 Kf7 74. Rb5 Ra7 75. Rb8 Rc7 76. Rh8 Kg7 77. Rh6 Rc5 78. Ra6
Rc7 79. f6+ Kf7 80. Ra5 Rb7 81. Kf5 Rc7 82. Re5 1/2-1/2

[Event "35t. Copenhagen Open (Politiken Cup)"]
[Site "Elsinore"]
[Date "2013.07.30"]
[Round "5"]
[White "Sjol, Henrik"]
[Black "Yilmaz, Kazim"]
[Result "1-0"]
[WhiteElo "1871"]
[BlackElo "1651"]
[PlyCount "61"]
[EventDate "2013.07.27"]
[EventType "swiss"]
[EventRounds "10"]
[EventCountry "DEN"]
[Source "ChessBase"]
[SourceDate "2013.08.26"]

1. d4 Nf6 2. Nf3 c6 3. Bg5 d5 4. e3 Bf5 5. Nbd2 Nbd7 6. c4 e6 7. Qb3 Qb6 8. c5
Qxb3 9. Nxb3 h6 10. Bf4 g5 11. Bg3 Ne4 12. Na5 O-O-O 13. Nxc6 Nxg3 14. Nxd8
Nxh1 15. Nxf7 Rh7 16. N7e5 Nxe5 17. Nxe5 Nxf2 18. Kxf2 Bg7 19. Nf3 Bf6 20. Bb5
Rf7 21. Ke2 Bg4 22. Rd1 Bg7 23. h3 Bf5 24. Bd3 a6 25. g4 Bxd3+ 26. Rxd3 Kc7 27.
Nd2 Bf8 28. Rb3 Bg7 29. Rb6 Re7 30. Kd3 Bf8 31. Nb3 1-0

[Event "35t. Copenhagen Open (Politiken Cup)"]
[Site "Elsinore"]
[Date "2013.07.30"]
[Round "5"]
[White "Skjolas, Erling Dyrhaug"]
[Black "Sajjadi, Kimiya"]
[Result "1-0"]
[WhiteElo "1581"]
[BlackElo "1485"]
[PlyCount "61"]
[EventDate "2013.07.27"]
[EventType "swiss"]
[EventRounds "10"]
[EventCountry "DEN"]
[Source "ChessBase"]
[SourceDate "2013.08.26"]

1. e4 e5 2. Nf3 Nc6 3. Bc4 Bc5 4. c3 Nf6 5. d4 exd4 6. e5 d5 7. exf6 dxc4 8.
Qe2+ Be6 9. fxg7 Rg8 10. Ng5 Qd5 11. Ne4 Qf5 12. g4 Qg6 13. Nxc5 O-O-O 14. Nxe6
Rge8 15. g8=Q Qxg8 16. O-O Rxe6 17. Qf3 Ne5 18. Qg3 Nxg4 19. Bf4 Rg6 20. Kh1 f5
21. Qf3 Nf6 22. Bg3 Qe6 23. Na3 Ne4 24. Qf4 Rd7 25. cxd4 Rg4 26. Qe3 Rf7 27.
Rae1 Qd5 28. f3 Nd6 29. Bxd6 Kd7 30. Qe8+ Kxd6 31. Nb5+ 1-0

[Event "35t. Copenhagen Open (Politiken Cup)"]
[Site "Elsinore"]
[Date "2013.07.30"]
[Round "5"]
[White "Skjoldager, Flemming"]
[Black "Nilsen, Martin"]
[Result "0-1"]
[WhiteElo "1979"]
[BlackElo "1820"]
[PlyCount "62"]
[EventDate "2013.07.27"]
[EventType "swiss"]
[EventRounds "10"]
[EventCountry "DEN"]
[Source "ChessBase"]
[SourceDate "2013.08.26"]

1. e4 e5 2. Nf3 Nc6 3. Bc4 Nf6 4. d3 Be7 5. c3 d6 6. Nbd2 O-O 7. O-O Bg4 8. h3
Bh5 9. Re1 Na5 10. d4 Nxc4 11. Nxc4 Nxe4 12. dxe5 d5 13. g4 Bg6 14. Ne3 Bc5 15.
Re2 c6 16. Nf5 Bxf5 17. gxf5 Ng3 18. f6 Nxe2+ 19. Qxe2 Re8 20. fxg7 Re6 21. Ng5
Rg6 22. Qh5 h6 23. h4 Kxg7 24. Kf1 hxg5 25. Bxg5 Be7 26. f4 Bxg5 27. fxg5 Qd7
28. Qf3 Qe6 29. Re1 Rh8 30. Qg3 Qf5+ 31. Kg1 Rxh4 0-1

[Event "35t. Copenhagen Open (Politiken Cup)"]
[Site "Elsinore"]
[Date "2013.07.30"]
[Round "5"]
[White "Skjoldager, Mikael"]
[Black "Jacobsen, Fredrik Beer"]
[Result "1-0"]
[WhiteElo "2088"]
[BlackElo "1935"]
[PlyCount "63"]
[EventDate "2013.07.27"]
[EventType "swiss"]
[EventRounds "10"]
[EventCountry "DEN"]
[Source "ChessBase"]
[SourceDate "2013.08.26"]

1. d4 Nf6 2. c4 c5 3. d5 e6 4. Nc3 exd5 5. cxd5 d6 6. g3 g6 7. Bg2 Bg7 8. Nf3
O-O 9. O-O Re8 10. h3 a6 11. a4 Nbd7 12. Nd2 Rb8 13. Nc4 Ne5 14. Na3 Nh5 15.
Kh2 f5 16. f4 Nf7 17. Qd3 Nf6 18. Nc2 Bd7 19. a5 Ne4 20. Ra3 c4 21. Qf3 Nc5 22.
Be3 Bxc3 23. bxc3 Qe7 24. Re1 h6 25. Bd4 Nb3 26. Bg1 g5 27. Qh5 Nd2 28. Qg6+
Kf8 29. Bd4 Ne5 30. fxe5 dxe5 31. Qxh6+ Kg8 32. d6 1-0

[Event "35t. Copenhagen Open (Politiken Cup)"]
[Site "Elsinore"]
[Date "2013.07.30"]
[Round "5"]
[White "Skovgaard, Ib"]
[Black "Moller, Arne"]
[Result "1-0"]
[WhiteElo "2036"]
[BlackElo "1860"]
[PlyCount "87"]
[EventDate "2013.07.27"]
[EventType "swiss"]
[EventRounds "10"]
[EventCountry "DEN"]
[Source "ChessBase"]
[SourceDate "2013.08.26"]

1. e4 c5 2. Nf3 d6 3. d4 cxd4 4. Nxd4 Nf6 5. Nc3 a6 6. Bg5 e6 7. Qd3 Be7 8.
O-O-O b5 9. f4 Qc7 10. Kb1 b4 11. Nce2 Bd7 12. Ng3 Nc6 13. Bxf6 gxf6 14. Be2
Nxd4 15. Qxd4 e5 16. Qd2 a5 17. Nf5 Bxf5 18. exf5 Rc8 19. Bb5+ Kf8 20. Ba4 Kg7
21. Rhe1 Rhd8 22. Qd5 Qc5 23. Qf3 Rc7 24. Rd5 Qb6 25. Qg4+ Kh8 26. Qh4 Rg8 27.
g4 exf4 28. Rd3 Rg5 29. Rh3 h5 30. Rd3 Qc5 31. Qh3 Qf2 32. Rdd1 d5 33. gxh5 Kh7
34. Qd3 Qc5 35. Qf3 Rxf5 36. Qd3 d4 37. c3 bxc3 38. Bc2 Kh6 39. Qxf5 Qxf5 40.
Bxf5 Bd6 41. bxc3 Rxc3 42. Rxd4 Be5 43. Rd8 f3 44. Rg1 1-0

[Event "35t. Copenhagen Open (Politiken Cup)"]
[Site "Elsinore"]
[Date "2013.07.30"]
[Round "5"]
[White "Smagin, Nikita"]
[Black "Madsen, Ole Rysgaard"]
[Result "1-0"]
[WhiteElo "2081"]
[BlackElo "1919"]
[PlyCount "69"]
[EventDate "2013.07.27"]
[EventType "swiss"]
[EventRounds "10"]
[EventCountry "DEN"]
[Source "ChessBase"]
[SourceDate "2013.08.26"]

1. d4 Nf6 2. c4 g6 3. Nc3 d5 4. Bf4 Bg7 5. e3 O-O 6. Rc1 c6 7. Qb3 Qa5 8. Nf3
Nbd7 9. Be2 Ne4 10. O-O Ndf6 11. Rfd1 Nd6 12. cxd5 Nxd5 13. Nxd5 cxd5 14. Bxd6
exd6 15. Qb5 Qb6 16. Qxb6 axb6 17. a3 Bd7 18. Ne1 Rfc8 19. Nd3 Ba4 20. Rxc8+
Rxc8 21. Rc1 Rc2 22. Rxc2 Bxc2 23. Nb4 Bb3 24. Bf3 b5 25. Kf1 Kf8 26. Ke2 f5
27. Bxd5 Bxd5 28. Nxd5 g5 29. Kd3 Kf7 30. Kc3 f4 31. exf4 gxf4 32. Nxf4 b4+ 33.
axb4 b5 34. Kd3 Bh6 35. Nd5 1-0

[Event "35t. Copenhagen Open (Politiken Cup)"]
[Site "Elsinore"]
[Date "2013.07.30"]
[Round "5"]
[White "Soors, Stef"]
[Black "Hagen, Anders Gjerdrum"]
[Result "1-0"]
[WhiteElo "2405"]
[BlackElo "2187"]
[PlyCount "63"]
[EventDate "2013.07.27"]
[EventType "swiss"]
[EventRounds "10"]
[EventCountry "DEN"]
[Source "ChessBase"]
[SourceDate "2013.08.26"]

1. e4 c5 2. Nf3 Nc6 3. c3 Nf6 4. e5 Nd5 5. d4 cxd4 6. cxd4 e6 7. Bc4 d6 8. O-O
Be7 9. Qe2 O-O 10. Nc3 Nxc3 11. bxc3 dxe5 12. dxe5 Qa5 13. Bd2 Rd8 14. Rfe1 Bd7
15. Bb3 Be8 16. Qe4 Rd7 17. Rac1 Qd8 18. Be3 Rc8 19. h4 Na5 20. Ng5 Bxg5 21.
Bxg5 Qb6 22. Bf6 Nxb3 23. Qg4 g6 24. Qf4 Qc5 25. axb3 Rd3 26. Red1 Rxd1+ 27.
Rxd1 Qf8 28. h5 Bc6 29. h6 b5 30. Qh4 Re8 31. Rd6 Bd5 32. Bg7 1-0

[Event "35t. Copenhagen Open (Politiken Cup)"]
[Site "Elsinore"]
[Date "2013.07.30"]
[Round "5"]
[White "Stojanovski, Sandi"]
[Black "Segovia Sanchez, Antonio"]
[Result "1-0"]
[WhiteElo "2270"]
[BlackElo "2059"]
[PlyCount "81"]
[EventDate "2013.07.27"]
[EventType "swiss"]
[EventRounds "10"]
[EventCountry "DEN"]
[Source "ChessBase"]
[SourceDate "2013.08.26"]

1. d4 Nf6 2. c4 e6 3. Nc3 d5 4. Bg5 Be7 5. Nf3 c6 6. e3 O-O 7. Bd3 dxc4 8. Bxc4
b5 9. Bd3 Bb7 10. O-O Nbd7 11. a3 h6 12. Bxf6 Bxf6 13. Ne4 Qe7 14. Rc1 e5 15.
Qc2 Rfe8 16. Nxf6+ gxf6 17. Bf5 Kh8 18. Qe4 Nb6 19. Qh4 Kg7 20. Bb1 Nc4 21.
Qg4+ Kf8 22. Qh5 Kg7 23. Nh4 Bc8 24. Bf5 Be6 25. Rc3 Rh8 26. Rfc1 Rag8 27. b3
Na5 28. Be4 Kf8 29. Nf5 Qxa3 30. d5 Rg5 31. dxe6 fxe6 32. Qf3 exf5 33. Bxc6 b4
34. R3c2 Nxb3 35. Rd1 Qa5 36. h4 Rg7 37. Qxf5 Rf7 38. Bd5 Nd4 39. Rc8+ Kg7 40.
Qg4+ Kh7 41. Bxf7 1-0

[Event "35t. Copenhagen Open (Politiken Cup)"]
[Site "Elsinore"]
[Date "2013.07.30"]
[Round "5"]
[White "Stray, Gunnar"]
[Black "Gandrud, Vegar Koi"]
[Result "1/2-1/2"]
[WhiteElo "2056"]
[BlackElo "2267"]
[PlyCount "45"]
[EventDate "2013.07.27"]
[EventType "swiss"]
[EventRounds "10"]
[EventCountry "DEN"]
[Source "ChessBase"]
[SourceDate "2013.08.26"]

1. d4 Nf6 2. Nf3 g6 3. c4 Bg7 4. Nc3 d5 5. e3 O-O 6. cxd5 Nxd5 7. Bc4 Nxc3 8.
bxc3 c5 9. O-O Qc7 10. Qe2 b6 11. e4 Bb7 12. Bg5 Nc6 13. Rfd1 h6 14. Bh4 Rad8
15. e5 cxd4 16. cxd4 Na5 17. Bb5 Bd5 18. Rac1 Qb7 19. Ne1 Nc6 20. Bxc6 Bxc6 21.
Rxc6 Qxc6 22. Bxe7 Qa4 23. Bxf8 1/2-1/2

[Event "35t. Copenhagen Open (Politiken Cup)"]
[Site "Elsinore"]
[Date "2013.07.30"]
[Round "5"]
[White "Svorono, Gabriel"]
[Black "Fossan, Andreas"]
[Result "1-0"]
[WhiteElo "1819"]
[BlackElo "1622"]
[PlyCount "52"]
[EventDate "2013.07.27"]
[EventType "swiss"]
[EventRounds "10"]
[EventCountry "DEN"]
[Source "ChessBase"]
[SourceDate "2013.08.26"]

1. e4 c6 2. Nf3 d5 3. Nc3 Bg4 4. h3 Bxf3 5. Qxf3 e6 6. d3 Nf6 7. g4 Bb4 8. Bd2
Qb6 9. O-O-O Nbd7 10. g5 dxe4 11. dxe4 Ne5 12. Qg3 Nfd7 13. f4 Ng6 14. f5 exf5
15. exf5 Nge5 16. Ne4 Bxd2+ 17. Rxd2 O-O-O 18. Nd6+ Kb8 19. Nxf7 Qa5 20. Nxd8
Rxd8 21. Bc4 Ka8 22. Be6 a6 23. a3 Qb5 24. Qb3 Qc5 25. Bxd7 Rxd7 26. Rxd7 Nxd7
1-0

[Event "35t. Copenhagen Open (Politiken Cup)"]
[Site "Elsinore"]
[Date "2013.07.30"]
[Round "5"]
[White "Taksrud, Vidar"]
[Black "Vistisen, Lars"]
[Result "0-1"]
[WhiteElo "2050"]
[BlackElo "2177"]
[PlyCount "118"]
[EventDate "2013.07.27"]
[EventType "swiss"]
[EventRounds "10"]
[EventCountry "DEN"]
[Source "ChessBase"]
[SourceDate "2013.08.26"]

1. Nf3 Nf6 2. Nc3 d6 3. d4 Nbd7 4. e4 e5 5. Bc4 Be7 6. O-O O-O 7. a4 c6 8. dxe5
dxe5 9. Qe2 Qc7 10. Rd1 Nc5 11. a5 Bg4 12. h3 Bh5 13. b4 Bxf3 14. Qxf3 Ne6 15.
Bxe6 fxe6 16. Ba3 Nd5 17. Nxd5 cxd5 18. Qb3 d4 19. Qxe6+ Kh8 20. Qb3 Rac8 21.
Rac1 Bg5 22. b5 Rf6 23. Rb1 Qxc2 24. Rf1 Qxb3 25. Rxb3 Bd2 26. Bb4 Bxb4 27.
Rxb4 Rc2 28. f4 Rg6 29. g4 d3 30. fxe5 h5 31. Rd4 hxg4 32. h4 Re6 33. Rxd3 Rxe5
34. Rf4 Rxb5 35. Rd8+ Kh7 36. Rd5 Rb1+ 37. Rf1 Rbb2 38. Rh5+ Kg8 39. Rd1 Rg2+
40. Kf1 Rbf2+ 41. Ke1 g3 42. Rd8+ Kf7 43. Rf5+ Ke7 44. Rxf2 Rg1+ 45. Rf1 Rxf1+
46. Kxf1 Kxd8 47. Kg2 b5 48. axb6 axb6 49. Kxg3 b5 50. Kf4 Ke7 51. Ke5 b4 52.
Kd4 Ke6 53. h5 b3 54. Kc3 Ke5 55. Kxb3 Kxe4 56. Kc3 Kf4 57. h6 gxh6 58. Kd2 Kf3
59. Ke1 Kg2 0-1

[Event "35t. Copenhagen Open (Politiken Cup)"]
[Site "Elsinore"]
[Date "2013.07.30"]
[Round "5"]
[White "Tandrup, Michael"]
[Black "Rendlev, Niels Moller"]
[Result "1-0"]
[WhiteElo "2018"]
[BlackElo "1843"]
[PlyCount "61"]
[EventDate "2013.07.27"]
[EventType "swiss"]
[EventRounds "10"]
[EventCountry "DEN"]
[Source "ChessBase"]
[SourceDate "2013.08.26"]

1. e4 e6 2. d3 d5 3. Nd2 c5 4. g3 Nc6 5. Bg2 Nf6 6. Ngf3 Qc7 7. O-O Be7 8. a4
b6 9. Re1 Bb7 10. c3 O-O 11. Nf1 Rfd8 12. Qc2 d4 13. cxd4 cxd4 14. Bf4 Qd7 15.
N1d2 Rac8 16. Nc4 Nh5 17. Bd2 Nf6 18. Qd1 Ne8 19. Rc1 Nd6 20. Nce5 Nxe5 21.
Nxe5 Rxc1 22. Bxc1 Qc7 23. h4 Rc8 24. f4 Qc2 25. Qxc2 Rxc2 26. Nf3 Nxe4 27.
dxe4 Bxe4 28. Rxe4 Rxc1+ 29. Kh2 Rc2 30. Rxd4 Rxb2 31. Rd7 1-0